Spoločensky zodpovedné podnikanie (SZP) v kontexte integrovaného manažérskeho systému (IMS)

Prepojenie systémov sociálnej zodpovednosti integrovaného manažérskeho systému v kontexte spoločensky zodpovedného podnikania a jeho výhody. Integrované systémy sú veľmi výhodným spôsobom vytvorenia systému riadenia, ktoré zohľadňujú, nielen kvalitu výrobkov a služieb, ale aj prístup k životnému pro...

ver descrição completa

Na minha lista:
Detalhes bibliográficos
Autor principal: Stankovič, Lýdia
Formato: Capítulo de Livro
Idioma:eslovaco
Assuntos:
Tags: Adicionar Tag
Sem tags, seja o primeiro a adicionar uma tag!

MARC

LEADER 00000nla a2200000 4500
001 0173383
005 20240503095358.1
041 0 |a slo 
044 |a SK 
245 1 0 |a Spoločensky zodpovedné podnikanie (SZP) v kontexte integrovaného manažérskeho systému (IMS)  |c Lýdia Stankovič 
520 |a Prepojenie systémov sociálnej zodpovednosti integrovaného manažérskeho systému v kontexte spoločensky zodpovedného podnikania a jeho výhody. Integrované systémy sú veľmi výhodným spôsobom vytvorenia systému riadenia, ktoré zohľadňujú, nielen kvalitu výrobkov a služieb, ale aj prístup k životnému prostrediu a bezpečnosti a ochrane zdravia pri práci a sociálnej zodpovednosti. 
610 2 0 |a manažment environmentálny 
610 2 0 |a systémy integrované manažérske 
610 2 0 |a systémy riadenia 
610 2 0 |a zodpovednosť podniku spoločenská 
100 1 |a Stankovič, Lýdia